Special report: connectivity (Record no. 66633)
[ view plain ]
| 000 -LEADER | |
|---|---|
| fixed length control field | 01234cam a2200265 4500 |
| 001 - CONTROL NUMBER | |
| control field | ABS63709 |
| 008 - FIXED-LENGTH DATA ELEMENTS--GENERAL INFORMATION | |
| fixed length control field | 000000n2001 000 0 eng u |
| 035 ## - SYSTEM CONTROL NUMBER | |
| System control number | (Sirsi) u111826 |
| 100 ## - MAIN ENTRY--PERSONAL NAME | |
| Personal name | Barnes, R. |
| 245 ## - TITLE STATEMENT | |
| Title | Special report: connectivity |
| 260 ## - PUBLICATION, DISTRIBUTION, ETC. | |
| Date of publication, distribution, etc. | 2001 |
| 490 ## - SERIES STATEMENT | |
| Series statement | Property Week |
| Volume/sequential designation | 66(13) 30 March 2001, 49-60(7) |
| 520 ## - SUMMARY, ETC. | |
| Summary, etc. | This special report on connectivity looks at a number of issues. Discusses the retreat of US broadband companies from the UK market, but suggests that occupier demand for high-speed internet access is continuing to grow. Concludes there is a demand for this technology if it is provided, and promoted, in the right way. Also discusses the falling demand for telehouses, and considers what the future holds for co-location developers. Finally, looks at portals, suggesting that mini-portals provide a vital link between the property industry and the internet. |
| 590 ## - LOCAL NOTE (RLIN) | |
| Local note | ABS |
| 650 ## - SUBJECT ADDED ENTRY--TOPICAL TERM | |
| Topical term or geographic name entry element | BROADBAND TECHNOLOGY |
| 650 ## - SUBJECT ADDED ENTRY--TOPICAL TERM | |
| Topical term or geographic name entry element | TELEHOTELS |
| 650 ## - SUBJECT ADDED ENTRY--TOPICAL TERM | |
| Topical term or geographic name entry element | MARKET DEMANDS |
| 650 ## - SUBJECT ADDED ENTRY--TOPICAL TERM | |
| Topical term or geographic name entry element | PORTALS |
| 650 ## - SUBJECT ADDED ENTRY--TOPICAL TERM | |
| Topical term or geographic name entry element | INTERNET |
| 650 ## - SUBJECT ADDED ENTRY--TOPICAL TERM | |
| Topical term or geographic name entry element | PROPERTY INDUSTRY |
| 690 ## - LOCAL SUBJECT ADDED ENTRY--TOPICAL TERM (OCLC, RLIN) | |
| Topical term or geographic name as entry element | MANAGEMENT-BUSINESS MANAGEMENT-INFORMATION MANAGEMENT |
| 700 ## - ADDED ENTRY--PERSONAL NAME | |
| Personal name | Smith, K. |
| 700 ## - ADDED ENTRY--PERSONAL NAME | |
| Personal name | Lawson, D. |
| 942 ## - ADDED ENTRY ELEMENTS (KOHA) | |
| Suppress in OPAC | 0 |
| Withdrawn status | Lost status | Source of classification or shelving scheme | Damaged status | Not for loan | Home library | Current library | Shelving location | Date acquired | Total Checkouts | Full call number | Barcode | Date last seen | Copy number | Price effective from | Koha item type |
|---|---|---|---|---|---|---|---|---|---|---|---|---|---|---|---|
| Dewey Decimal Classification | London | London | Journal article | 04/04/2001 | ABS63709 | 111826-1001 | 06/08/2019 | 1 | 06/08/2019 | Journal article |